Biblioteca

Massorah Gedolah: Iuxta codicem leningradensem B 19a / Gérard E. Weil, Editor (Registro nro. 31629)

Detalles MARC
000 -LÍDER
Campo fijo de descripción fija 003940000a22001330004500
082 04 - NÚMERO DE CLASIFICACIÓN DECIMAL DEWEY
Número de clasificación R 220.44 W4221m
001 - NÚMERO DE CONTROL
Campo de control 78
100 1# - ASIENTO PRINCIPAL--NOMBRE PERSONAL
Nombre personal Weil, Gérard E.
245 10 - TÍTULO
Título del Material Massorah Gedolah: Iuxta codicem leningradensem B 19a / Gérard E. Weil, Editor
260 ## - PUBLICACIÓN, DISTRIBUCIÓN, ETC. (PIE DE IMPRENTA)
Lugar de publicación, distribución, etc. Roma, Piazza Della Pilotta : Pontificium Institutum Biblicum
300 ## - DESCRIPCIÓN FÍSICA
Extensión 531 Pag.
650 14 - ASIENTO SECUNDARIO DE MATERIA - TERMINO TEMÁTICO
Término temático o nombre geográfico como elemento de entrada HEBREO - ALFABETO \ MASORA
942 ## - TIPO DE MATERIAL (KOHA)
Tipo de Item KOHA Libros General
Existencias
Estado de Material Estado de Perdido Estado de Dañado No para Préstamo Colección Tomo Biblioteca de Origen Biblioteca Permanente Fecha de Adquisición Total de Préstamos Signatura Topográfica Código de Barras Última vez visto Última vez Préstado Ejemplar/Existencia Fecha de Remplazo Tipo de Material
        Colección de Referencia   Biblioteca FUSBC Biblioteca FUSBC 24/08/2004 3 R 220.44 W4221m 7956 23/02/2022 23/02/2022 1 26/01/2016 Libros de Referencia

Biblioteca FUSBC | Teléfono: (57+4) 349 88 10 Ext. 141| WhatsApp (+57) 3005338115 
E-mail: biblioteca@unisbc.edu.co | Calle 76 87-14 Robledo Palenque, Medellín, Colombia

Con tecnología Koha